000 00315nam a22001097a 4500
020 _a9781107000223
050 _aHD 9870.5
_b.R5
245 _aCotton /
_bThe fabric that made the modern world.
_cGiorgio Riello.
260 _aCambridge :
_bCambridge University Press ,
_c2013.
300 _a407p. : ill.
942 _2lcc
_cGEN
999 _c9454
_d9454